Wspomnienia przyjaciół o ks
| Titel: | Wspomnienia przyjaciół o ks : Kazimierzu Raepkem |
|---|---|
| Beteiligt: | |
| In: |
Borzyszkowy i Borzyszkowscy ; 6. Tuchomie, (1999), Seite 68-82 alle Artikel anzeigen |
| Veröffentlicht: | 1999 |
| Format: | Aufsatz |
| Sprache: | Polnisch |
X
alg: 39350728 001A $01999:12-11-16 001B $01999:22-05-21 $t21:58:53.000 001D $01999:12-11-16 001U $0utf8 001X $00 002@ $0Aox 003@ $0393507289 007A $0393507289 $aHEB 007T $0Herdt13667 010@ $apol 011@ $a1999 021A $aWspomnienia przyjaciół o ks $dKazimierzu Raepkem 027A $aErinnerungen von Freunden an Pfarrer Kazimierz Raepke 028C $aKłodda-Demska $BBearb. $dKrystyna 031A $h68-82 $j1999 039B $aIn $8--Afu--. Borzyszkowy i Borzyszkowscy ; 6. Tuchomie. - Gdańsk, 1999. - 374 S.. - Ill.. - ISBN 83-87258-25-3 $x199900000000000932 $9089573560 045F $a929.094382 $eDDC23BSB 045F/01 $a929 045F/03 $g4382 045F/03 $g43832 046C $aErinnerungen von Freunden an Pfarrer Kazimierz Raepke $bÜbers. des Hauptsacht. lok: 39350728 78 exp: 39350728 78 1 #EPN 201B/01 $018-11-16 $t09:02:21.000 201U/01 $0utf8 203@/01 $0789617722 208@/01 $a12-11-16 $be 209A/01 $a/ $f000 $x00 220C/01 $aTitelaufnehmer: uz;gk 220C/01 $aHerkunft: UMK/BU Toruń 244Z/01 $2Trx $#Prusy Wschodnie i Zachodnie $8--Trx--Ost- und Westpreußen $x01 $939113373X 244Z/01 $2Trx $8--Trx--Raepke, Kazimierz Franciszek$Z1936-1997 $x02 $9391126288 244Z/01 $2Trx $#vaimulikkond, rooma-katoliku $#Romos katalikų dvasininkai $#clergy, Roman-Catholic $#papság, római-katolikus $#duchowieństwo rzymskokatolickie $#duchovenstvo rímsko-katolícke $#duchovenstvo římsko-katolické $#Klerus $#Priester $#Pfarrer $#kler $#księża katoliccy $#klérus $#kňazi $#farári $#klérus $#kněží $#faráři $8--Trx--Geistliche, römisch-katholische $x03 $9391373757 244Z/01 $2Trx $#kašuubid $#kašubai $#kaschubs $#kasubok $#Kaszubi $#Kašubovia $#Kašubové $#Kabatker $#Kabatkowie $8--Trx--Kaschuben $x04 $9391361384 244Z/01 $2Trx $#mälestused $#atsiminimai $#Memoirs $#emlékezések $#wspomnienia $#spomienky $#vzpomínky $#memuaarid $#Memoiren $#pamiętniki $#pamäti $#paměti $8--Trx--Erinnerungen $x05 $9391357727 244Z/01 $2Trx $8--Trx--Einzelbeiträge $x06 $9391384570 245Z/01 $a12.03 $x01 247C/01 $82080>Marburg/Lahn, Herder-Institut, Forschungsbibliothek, Bibliographieportal $9336309341
| LEADER | 00000caa a22000002c 4500 | ||
|---|---|---|---|
| 001 | 393507289 | ||
| 003 | DE-603 | ||
| 005 | 20210522215853.0 | ||
| 007 | tu | ||
| 008 | 161112s1999 xx |||| | u00||u|pol c | ||
| 035 | |a (DE-599)HEB393507289 | ||
| 040 | |a DE-603 |b ger |c DE-603 |d DE-603 | ||
| 041 | |a pol | ||
| 082 | 0 | 4 | |8 1\u |a 929.094382 |q DE-101 |2 23/BSB |
| 085 | |8 1\u |b 929 | ||
| 085 | |8 1\u |z 2 |s 4382 | ||
| 085 | |8 1\u |z 2 |s 43832 | ||
| 245 | 0 | 0 | |a Wspomnienia przyjaciół o ks |b Kazimierzu Raepkem |
| 246 | 1 | |i Übers. des Hauptsacht. |a Erinnerungen von Freunden an Pfarrer Kazimierz Raepke | |
| 246 | 1 | 3 | |a Erinnerungen von Freunden an Pfarrer Kazimierz Raepke |
| 264 | 0 | |c 1999 | |
| 700 | 1 | |a Kłodda-Demska, Krystyna |e Bearb. |4 edt | |
| 773 | 0 | 8 | |i In |t Borzyszkowy i Borzyszkowscy ; 6. Tuchomie |d Gdańsk, 1999 |h 374 S., Ill. |z 8387258253 |g (1999), Seite 68-82 |w (DE-603)089573560 |
| 924 | 0 | |9 2080 |a (DE-603)789617722 |b DE-2080 |c HES |d d |g / | |


